Mots en Anglais#3 - Statistiques

Statistiques générales
  • Ce quiz a été pris 521 fois
  • Le résultat moyen est 7 sur 9
Statistiques - réponses
Mot Francais Mot en anglais % Correct
Poisson Fish
100%
Travail Work
97%
Arbre Tree
92%
Travailleur Worker
87%
Renard Fox
86%
Piscine Pool
81%
Allemand German
80%
Trousse Pencil case
38%
Confinement Lockdown
28%
Aucun quiz correspondant
Distribution des résultats
% des personnes avec chaque résultat
Percentile par nombre de réponses
Votre historique - résultats
Vous n’avez pas pris ce quiz